[Event "8th Vladimir Dvorkovich Cup"]
[Site "Moscow RUS"]
[Date "2013.06.30"]
[Round "5.8"]
[White "Ni,Shiqun"]
[Black "Mammadzada,G"]
[Result "1-0"]
[WhiteElo "2231"]
[BlackElo "2029"]

1.e4 c5 2.Nf3 d6 3.Bb5+ Bd7 4.Bxd7+ Qxd7 5.c4 Nf6 6.Nc3 g6 7.d4 cxd4 8.Nxd4 Bg7
9.f3 Nc6 10.Nde2 O-O 11.O-O e6 12.Bg5 h6 13.Be3 Rfd8 14.Qc1 Kh7 15.Rd1 Qe7
16.Nf4 Rac8 17.Qd2 Rd7 18.Rac1 Rcd8 19.Qe2 g5 20.Nd3 b6 21.Nf2 Ne5 22.f4 gxf4
23.Bxf4 Rc8 24.b3 Rdd8 25.Bg3 Nfd7 26.Rc2 a6 27.Ng4 Nxg4 28.Qxg4 Ne5 29.Qe2 Qg5
30.Bf2 Rc6 31.Bd4 b5 32.cxb5 axb5 33.Rcd2 b4 34.Na4 Kg8 35.h3 Rdc8 36.Be3 Qg6
37.Bf4 Bf8 38.Nb2 Rc3 39.Kh2 Be7 40.Nd3 Nxd3 41.Rxd3 Rxd3 42.Rxd3 e5 43.Bxh6 Kh7
44.Bd2 Rc2 45.Qd1 Rxa2 46.Rg3 Rxd2 47.Qxd2 Qxe4 48.Rg4 Qf5 49.Qxb4 Qe6 50.Rg3 d5
51.Qb8 f5 52.Qe8  1-0

[Event "IsBank TCh-TUR 2013"]
[Site "Denizli TUR"]
[Date "2013.07.01"]
[Round "3.8"]
[White "Cemhan,K"]
[Black "Paikidze,N"]
[Result "0-1"]
[WhiteElo "2033"]
[BlackElo "2368"]

1.e4 c5 2.Nf3 d6 3.Bb5+ Nc6 4.O-O Bd7 5.Re1 Nf6 6.c3 a6 7.Bf1 g6 8.h3 Bg7
9.d4 cxd4 10.cxd4 O-O 11.Nc3 e5 12.dxe5 dxe5 13.b3 Qa5 14.Bb2 Rfd8 15.Qc1 Nd4
16.Rd1 Bc6 17.Bd3 Nxf3+ 18.gxf3 Nh5 19.Bf1 Rxd1 20.Qxd1 Nf4 21.Kh2 Rd8 22.Qc2 Qc5
23.Bc1 Ne6 24.Qb2 Nd4 25.Bg2 f5 26.b4 Qf8 27.a4 fxe4 28.fxe4 Nf3+ 29.Kg3 Rd3
30.Bf1 Ne1+ 31.Kh2 Rxc3  0-1

[Event "11th Niki Open 2013"]
[Site "Nachod CZE"]
[Date "2013.07.01"]
[Round "3.15"]
[White "Vrnata,J"]
[Black "Sedlacek,Ja"]
[Result "1-0"]
[WhiteElo "2042"]
[BlackElo "1899"]

1.e4 c5 2.Nf3 d6 3.Bb5+ Bd7 4.Bxd7+ Qxd7 5.O-O Nc6 6.d3 e6 7.Nbd2 Nf6 8.Ne1 d5
9.exd5 exd5 10.Nef3 Be7 11.Re1 O-O 12.Nf1 Rfe8 13.Bg5 Ng4 14.Bxe7 Rxe7 15.Rxe7 Qxe7
16.Ng3 Re8 17.Qd2 Nce5 18.Nxe5 Qxe5 19.Qc3 Qxc3 20.bxc3 g6 21.h3 Nf6 22.Rb1 b6
23.f3 Nd7 24.Kf2 f5 25.f4 Kf7 26.Ne2 Nf6 27.Ng1 Nd7 28.Nf3 Kf6 29.g4 h6 30.g5+ hxg5
31.Nxg5 Nb8 32.Nf3 Nc6 33.a3 Re7 34.h4 Re8 35.Rh1 Rh8 36.Re1 Rh7 37.Re8 Re7
38.Rc8 Re6 39.Rc7 Rd6 40.Ng5 Ne7 41.Rxa7 d4 42.c4 Rd8 43.Rb7 Rd6 44.a4 Rc6
45.Rd7 Rc8 46.Rd6+ Kg7 47.Rxb6 Ra8 48.Ne6+  1-0

[Event "IsBank TCh-TUR 2013"]
[Site "Denizli TUR"]
[Date "2013.07.02"]
[Round "4.10"]
[White "Hocalar,Ozge"]
[Black "Karatiken,Seray"]
[Result "1/2-1/2"]
[WhiteElo "1508"]
[BlackElo "1277"]

1.e4 c5 2.Nf3 d6 3.Bb5+ Bd7 4.Bxd7+ Qxd7 5.O-O Nc6 6.Qe2 Nf6 7.Rd1 e6 8.d4 cxd4
9.Nxd4 Nxd4 10.Rxd4 Qc7 11.Nc3 a6 12.Be3 Rc8 13.Rad1 Be7 14.Bg5 O-O 15.R1d3 Qb6
16.Nd1 Qc5 17.c3 Qxg5 18.Rg3 Qc5 19.Kh1 Nh5 20.Rf3 Nf6 21.Ne3 Qb5 22.Qxb5 axb5
23.Nc2 d5 24.exd5 Nxd5 25.h3 Rc4 26.Rdd3 Rfc8 27.Ne3 Nxe3 28.Rfxe3 R4c7 29.Re4 h6
30.Rd2 Bg5 31.Rd1 Be7 32.a4 bxa4 33.Rxa4 Rd8 34.Rxd8+ Bxd8 35.Rd4 Bf6 36.Rd2 Rc5
37.Kh2 Rd5 38.Re2 Kf8 39.Kg3 Bg5 40.Kf3 Rd2 41.Rxd2 Bxd2 42.Ke4 Bc1 43.b4 Bg5
44.Kd4 Bd8 45.c4 Ke7 46.Kc5 Kd7 47.f3 Kc7 48.g4 Be7+ 49.Kb5 b6 50.c5 bxc5
51.bxc5 Bxc5 52.Kxc5 Kd7 53.Kd4 Kd6 54.Ke4 Ke7 55.Ke5 f6+ 56.Ke4 Kf7 57.h4 Kg6
58.Kf4 h5 59.Ke4 hxg4 60.fxg4 f5+ 61.gxf5+ exf5+ 62.Ke5 Kh5 63.Kxf5 g6+ 64.Kf6 Kh6
65.Kf7 Kh7 66.Kf6 Kh6  1/2-1/2

[Event "4th AIMAG Men"]
[Site "Incheon KOR"]
[Date "2013.07.02"]
[Round "5.15"]
[White "Al Zendani,Z"]
[Black "Weerawardane,R"]
[Result "0-1"]
[WhiteElo "2360"]
[BlackElo "2131"]

1.e4 c5 2.Nf3 d6 3.Bb5+ Nc6 4.Bxc6+ bxc6 5.O-O e5 6.c3 Nf6 7.d4 Nd7 8.dxe5 dxe5
9.c4 Be7 10.Nc3 Qc7 11.b3 Nf8 12.Ne1 Ne6 13.Nd3 O-O 14.Be3 Bd6 15.Na4 Qe7
16.Qd2 f5 17.f3 f4 18.Bf2 a5 19.Nb6 Ra6 20.Nxc8 Rxc8 21.Rfd1 Nd4 22.Bxd4 cxd4
23.c5 Bc7 24.Qc2 Ra7 25.Qc4+ Kh8 26.Rdb1 g5 27.h3 Rf8 28.a3 h5 29.b4 g4 30.hxg4 hxg4
31.Kf2 axb4 32.Rh1+ Kg7 33.Nxb4 Ra5 34.Nxc6 Rxc5 35.Nxe7 g3+ 36.Ke2 Rxc4
37.Rac1 Rxc1 38.Rxc1 Bd8 39.Nf5+ Kf7 40.Kd3 Rh8 41.a4 Ke6 42.Kc4 Ba5 43.Kb5 Bc3
44.Rc2 Rb8+ 45.Kc5 Rc8+ 46.Kb5 d3 47.Rc1 d2 48.Rd1 Rb8+ 49.Kc4 Ba5 50.Kd3 Rh8
51.Rg1 Rh2 52.Kc2 Kd7 53.Ng7 Kc6 54.Nf5 Bb6 55.Rb1 Rxg2 56.Ne7+ Kb7 57.Kd3 Rg1
58.Rxg1 Bxg1  0-1

[Event "4th AIMAG Women"]
[Site "Incheon KOR"]
[Date "2013.07.02"]
[Round "5.12"]
[White "Tohirjonova,Gulruhbegim"]
[Black "Khamboo,Monalisa"]
[Result "1-0"]
[WhiteElo "2105"]
[BlackElo "1822"]

1.e4 c5 2.Nf3 d6 3.Bb5+ Nc6 4.Bxc6+ bxc6 5.O-O Nf6 6.d3 Bg4 7.h3 Bh5 8.Be3 e6
9.Nbd2 Be7 10.c3 O-O 11.Qc2 Qc7 12.Nh2 d5 13.f4 Nd7 14.Ndf3 Bxf3 15.Rxf3 e5
16.f5 f6 17.Raf1 g5 18.fxg6 hxg6 19.Ng4 g5 20.h4 Kg7 21.Qf2 Qd8 22.hxg5 fxg5
23.Rf7+ Kh8 24.Qf5 Rxf7 25.Qxf7 Qe8 26.Qf5 Rb8 27.Rf3 Kg7 28.Rh3 Nf8 29.Qxe5+ Kg8
30.Rh8+ Kf7 31.Nh6+ Kg6 32.Qf5+ Kh5 33.Nf7+  1-0

[Event "8th Vladimir Dvorkovich Cup"]
[Site "Moscow RUS"]
[Date "2013.07.02"]
[Round "7.12"]
[White "Ni,Shiqun"]
[Black "Harazinska,Ewa"]
[Result "1/2-1/2"]
[WhiteElo "2231"]
[BlackElo "2068"]

1.e4 c5 2.Nf3 d6 3.Bb5+ Bd7 4.Bxd7+ Qxd7 5.c4 Nf6 6.Nc3 g6 7.d4 cxd4 8.Nxd4 Bg7
9.f3 O-O 10.Be3 a6 11.a4 Nc6 12.O-O Qc7 13.b3 Qa5 14.Nde2 Ng4 15.fxg4 Bxc3
16.Ra2 Bg7 17.Nf4 Qe5 18.Re2 b5 19.Nd3 Qc3 20.cxb5 Nd4 21.Ra2 axb5 22.a5 Qxb3
23.Qxb3 Nxb3 24.a6 Rfc8 25.Nb4 e6 26.Rb1 Nd4 27.Kf1 h6 28.Ra5 Rc5 29.Rd1 Rc4
30.Rb1 Rc5 31.Rd1 Rc4 32.Rb1 Rc5  1/2-1/2

[Event "8th Vladimir Dvorkovich Cup"]
[Site "Moscow RUS"]
[Date "2013.07.02"]
[Round "7.4"]
[White "Rodionova,Polina"]
[Black "Mammadzada,G"]
[Result "0-1"]
[WhiteElo "2146"]
[BlackElo "2029"]

1.e4 c5 2.Nf3 d6 3.Bb5+ Bd7 4.Bxd7+ Qxd7 5.c4 Nf6 6.Nc3 g6 7.d4 cxd4 8.Nxd4 Bg7
9.h3 O-O 10.O-O Rc8 11.Qe2 Nc6 12.Nc2 Na5 13.b3 Nh5 14.Bd2 Nf4 15.Qe3 Ne6
16.Rad1 Nc6 17.Be1 g5 18.h4 h6 19.Ne2 Qe8 20.Qh3 Ne5 21.hxg5 hxg5 22.Ne3 b5
23.g3 g4 24.Nxg4 Ng5 25.Qh5 Nxe4 26.Kg2 Nxg4 27.Qxg4 Nf6 28.Qh4 Qc6+ 29.f3 bxc4
30.b4 e5 31.Rh1 d5 32.Bd2 Ne8 33.g4 Qg6 34.Ng3 c3 35.Nf5 Bf6 36.Nh6+ Kf8
37.g5 cxd2 38.Ng4 Bg7 39.Rxd2 Rc2 40.Rd1 Rac8 41.Kg3 Rxd2 42.Rxd2 Nd6  0-1

[Event "4th ch-Vojvodina Int"]
[Site "Novi Sad SRB"]
[Date "2013.07.02"]
[Round "7.12"]
[White "Ujhazi,I"]
[Black "Martinovic,Sl"]
[Result "0-1"]
[WhiteElo "2214"]
[BlackElo "2417"]

1.e4 c5 2.Nf3 d6 3.Bb5+ Nd7 4.O-O a6 5.Bxd7+ Bxd7 6.d4 cxd4 7.Qxd4 Rc8 8.Nc3 e5
9.Qd3 h6 10.Be3 Nf6 11.h3 Be7 12.Rfe1 O-O 13.Rad1 b5 14.a3 Qc7 15.Nd2 Rfd8
16.Nf1 Bc6 17.Bc1 Qb7 18.Ng3 Bf8 19.Nf5 Kh8 20.g4 d5 21.g5 dxe4 22.Qxd8 Rxd8
23.Rxd8 Ne8 24.gxh6 g6 25.Ng7 Bxg7 26.hxg7+ Kxg7 27.Red1 e3 28.Bxe3 Nf6 29.Kh2  0-1

[Event "41st TCh-GRE"]
[Site "Rio (Achaia) GRE"]
[Date "2013.07.02"]
[Round "1.1"]
[White "Dochev,D"]
[Black "Harikrishna,P"]
[Result "0-1"]
[WhiteElo "2405"]
[BlackElo "2680"]

1.e4 c5 2.Nf3 d6 3.Bb5+ Nd7 4.d4 cxd4 5.Qxd4 a6 6.Bxd7+ Bxd7 7.Nc3 Nf6 8.Bg5 h6
9.Bxf6 gxf6 10.Nd5 Rc8 11.O-O-O Bg7 12.Nb6 Rc6 13.Nxd7 Qxd7 14.Qd3 f5 15.exf5 Rc5
16.Nd4 Qa4 17.Kb1 Bxd4 18.Qxd4 Qxd4 19.Rxd4 Rxf5 20.Rd2 Rg8 21.g3 Rf3 22.Re1 Rg6
23.Kc1 Kd7 24.Kd1 Rgf6 25.Ree2 R6f5 26.Ke1 Rh5 27.h4 Ra5 28.a3 Raf5 29.Rd4 h5
30.Rb4 b5 31.a4 e6 32.axb5 axb5 33.Rd4 Rc5 34.Rd1 Rff5 35.Ra1 Rc7 36.Ra5 Rfc5
37.c3 e5 38.Re4 Rc4 39.Re3 b4 40.Kd2 bxc3+ 41.bxc3 Rb7 42.Kd3 Rc6 43.f4 f6
44.Ke4 Ke6 45.f5+ Kd7 46.Ra8 Rc4+ 47.Kf3 Rb1 48.Ke2 Rb2+ 49.Kf1 Rc2 50.Ra7+ Rc7
51.Ra3 Ke7 52.Rb3 d5 53.Rd3 Ra7 54.Rb1 Kd6 55.Rbd1 Ra5 56.R1d2 Rc1+ 57.Kg2 e4
58.Rd4 Ke5 59.Rb4 Rxc3 60.Rb8 Kxf5 61.Rf2+ Ke5 62.Re8+ Kd4  0-1

[Event "20th Abu Dhabi Masters 2013"]
[Site "Abu Dhabi UAE"]
[Date "2013.07.03"]
[Round "5.7"]
[White "Ramnath,B"]
[Black "Parligras,M"]
[Result "1-0"]
[WhiteElo "2352"]
[BlackElo "2565"]

1.e4 c5 2.Nf3 d6 3.Bb5+ Nd7 4.c3 Nf6 5.Qe2 a6 6.Ba4 e6 7.O-O b5 8.Bc2 Bb7
9.d4 Be7 10.Re1 cxd4 11.cxd4 Rc8 12.a3 Nb6 13.Nc3 Qc7 14.Bd3 Nfd7 15.Bf4 e5
16.Nd5 Bxd5 17.exd5 Nxd5 18.Bg3 f6 19.Bf5 N5b6 20.dxe5 fxe5 21.Nd4 Qc4 22.Qh5+ Qf7
23.Qh3 g6 24.Be6 Qf6 25.Nf3 g5 26.Rad1 Rc7 27.Nxe5 Nxe5 28.Rxe5 h5 29.Rf5 Qd4
30.Bf7+ Kd8 31.Bb3 Rc1 32.Rxc1 g4 33.Be5 dxe5 34.Qe3 Nd7 35.Rd1 Qxe3 36.fxe3 Kc7
37.Rf7 Re8 38.Bc2 Nf6 39.Bg6 Ng8 40.Rg7  1-0

[Event "4th AIMAG Women"]
[Site "Incheon KOR"]
[Date "2013.07.03"]
[Round "7.12"]
[White "Al Khelaifi,A"]
[Black "Ranasinghe,S"]
[Result "1/2-1/2"]
[WhiteElo "1682"]
[BlackElo "1872"]

1.e4 c5 2.Nf3 d6 3.Bb5+ Bd7 4.Bxd7+ Qxd7 5.c4 Nc6 6.O-O g6 7.d4 cxd4 8.Nxd4 Bg7
9.Be3 Nf6 10.f3 O-O 11.Nc3 Nxd4 12.Bxd4 Rfc8 13.Qe2 Qc6 14.b3 a6 15.Rac1 Bh6
16.Rce1 Bg7 17.Kh1 e5 18.Be3 b5 19.Nd5 Nxd5 20.cxd5 Qc2 21.Rf2 Qxe2 22.Rfxe2 Rc3
23.Rc1 Rxc1+ 24.Bxc1 Rc8 25.Ba3 b4 26.Bb2 Bh6 27.Kg1 Kf8 28.Kf1 Ke7 29.Ke1 Bc1
30.Bxc1 Rxc1+ 31.Kd2 Ra1 32.Kd3 Rc1 33.Rc2 Rxc2 34.Kxc2 f5 35.Kd3 fxe4+ 36.fxe4 Kf6
37.g3 Kg5 38.h3 h5 39.Ke3 h4 40.g4 Kf6 41.Kd3 Kg5 42.Ke3 Kf6 43.Kf3 a5 44.Ke3 Kg5
45.Kf3 Kf6  1/2-1/2

[Event "Avoin SM 2013"]
[Site "Naantali FIN"]
[Date "2013.07.03"]
[Round "4.14"]
[White "Tocklin,T"]
[Black "Viljanen,J"]
[Result "1/2-1/2"]
[WhiteElo "1826"]
[BlackElo "1871"]

1.e4 c5 2.Nf3 d6 3.Bb5+ Bd7 4.Bxd7+ Qxd7 5.O-O g6 6.c3 Bg7 7.d4 cxd4 8.cxd4 Nf6
9.Nc3 O-O 10.h3 e6 11.e5 Ne8 12.Bf4 Nc6 13.Ne4 dxe5 14.dxe5 Qxd1 15.Rfxd1 Nc7
16.Rd7 Nd5 17.Bg3 b6 18.Nd6 Nb8 19.Rb7 Na6 20.Ng5 Nc5 21.Rxf7 Rxf7 22.Ngxf7 Rf8
23.Ng5 Bh6 24.Nge4 Nd3 25.b3 N3f4 26.Kf1 Bg7 27.Nc4 b5 28.Ncd6 Bxe5 29.Rc1 Nd3
30.Rc8 Bxg3 31.Rxf8+ Kxf8 32.Nxg3 a6 33.Nde4 Ke7 34.Ne2 N5b4 35.a4 bxa4 36.bxa4 Nd5
37.N2c3 Nxc3 38.Nxc3 Kd6 39.Ke2 Nf4+ 40.Kf3 Ke5 41.h4 Nd3 42.Ke3 Nf4 43.g3 Nd5+
44.Nxd5 Kxd5 45.Kd3 e5 46.f3 a5 47.g4 Kc5 48.Kc3 Kd5 49.Kd3 h6 50.Kc3  1/2-1/2

[Event "11th Niki Open 2013"]
[Site "Nachod CZE"]
[Date "2013.07.03"]
[Round "5.24"]
[White "Havrda,Daniel"]
[Black "Sedlacek,Ja"]
[Result "1/2-1/2"]
[WhiteElo "1589"]
[BlackElo "1899"]

1.e4 c5 2.Nf3 d6 3.Bb5+ Bd7 4.Bxd7+ Qxd7 5.O-O e6 6.c4 Nc6 7.Nc3 Be7 8.d4 cxd4
9.Nxd4 Nf6 10.Be3 O-O 11.f3 Rfd8 12.Qd2 Ne5 13.b3 d5 14.cxd5 exd5 15.f4 Neg4
16.e5 Ne4 17.Qd3 Nxe3 18.Qxe3 Rac8 19.Nce2 Bb4 20.Rfd1 Nc3 21.Nxc3 Rxc3 22.Qf2 Rdc8
23.Kh1 Ba5 24.h3 h6 25.Qe2 a6 26.e6 fxe6 27.Qxe6+ Qxe6 28.Nxe6 Kf7 29.Nd4 Bb6
30.Ne2 Rc2 31.Rac1 Rxc1 32.Rxc1 Rxc1+ 33.Nxc1 Ke6 34.g4 Be3  1/2-1/2

[Event "41st TCh-GRE"]
[Site "Rio (Achaia) GRE"]
[Date "2013.07.03"]
[Round "2.6"]
[White "Manolopoulou,Vasiliki"]
[Black "Serefidou,D"]
[Result "0-1"]
[WhiteElo "1396"]
[BlackElo "1971"]

1.e4 c5 2.Nf3 d6 3.Bb5+ Nd7 4.Bxd7+ Qxd7 5.c4 Qg4 6.d3 Qxg2 7.Rg1 Qh3 8.Rg3 Qd7
9.Nc3 g6 10.Kf1 Bg7 11.Qc2 Nf6 12.Rg2 Qc7 13.Kg1 Bh3 14.Rg3 Qc8 15.Kh1 Nh5
16.Rg1 h6 17.Ne2 g5 18.Ne1 f5 19.exf5 Qxf5 20.Ng3 Nxg3+ 21.hxg3 h5 22.Be3 h4
23.Qd2 hxg3 24.Rxg3 Be5  0-1

[Event "41st TCh-GRE"]
[Site "Rio (Achaia) GRE"]
[Date "2013.07.03"]
[Round "2.7"]
[White "Stamouli,Konstantina"]
[Black "Kokkota,Fotini"]
[Result "0-1"]
[WhiteElo "1286"]
[BlackElo "1501"]

1.e4 c5 2.Nf3 d6 3.Bb5+ Nd7 4.O-O a6 5.Bxd7+ Bxd7 6.c3 Nf6 7.Re1 Bc6 8.Qc2 Rc8
9.d4 cxd4 10.Nxd4 e6 11.Bg5 Be7 12.e5 dxe5 13.Rxe5 O-O 14.Nd2 h6 15.Bxf6 Bxf6
16.Nxc6 Rxc6 17.Ree1 Qb6 18.Nf3 Rd8 19.Rad1 Rcd6 20.Rxd6 Qxd6 21.c4 Qc5 22.b3 b5
23.Rc1 Rc8 24.Qd2 bxc4 25.Rxc4 Qf8 26.Rxc8 Qxc8 27.h3 Qc5 28.Qe3 Qxe3 29.fxe3 Kf8
30.Kf2 Ke7 31.e4 Kd6 32.Ke3 Kc5 33.e5 Be7 34.Nd4 Kd5 35.Nf3 Bg5+ 36.Nxg5 hxg5
37.Kd3 Kxe5 38.b4 Kd5 39.a4 e5 40.b5 axb5 41.axb5 Kc5 42.Ke4 f6 43.b6 Kxb6
44.g4 Kc5 45.Ke3 Kd5 46.Kd3 e4+ 47.Ke3 Ke5 48.Ke2 Kf4 49.Kf2 g6  0-1

[Event "47th Ilmar Raud Mem"]
[Site "Viljandi EST"]
[Date "2013.07.03"]
[Round "4.14"]
[White "Narva,T"]
[Black "Shishkov,A"]
[Result "0-1"]
[WhiteElo "2083"]
[BlackElo "2375"]

1.e4 c5 2.Nf3 d6 3.Bb5+ Nc6 4.O-O Bd7 5.c3 Nf6 6.Qe2 a6 7.Ba4 b5 8.Bc2 e5
9.d3 Be7 10.h3 O-O 11.Rd1 Re8 12.Nbd2 Qc7 13.Nf1 d5 14.exd5 Nxd5 15.Bb3 Be6
16.Ng3 Nf4 17.Qe4 g6 18.Nxe5 Bxb3 19.axb3 Nxh3+ 20.gxh3 Nxe5 21.Qg2 Nc6 22.Be3 Na5
23.Re1 Nxb3 24.Rad1 Rad8 25.Kh1 Kh8 26.Rg1 Rd7 27.Qf3 Qb7 28.Qxb7 Rxb7 29.d4 Rd8
30.dxc5 Rxd1 31.Rxd1 Nxc5 32.Bxc5 Bxc5 33.Rd8+ Kg7 34.Ne4 Bb6 35.Rd5 f5 36.Nd6 Rb8
37.Re5 Bxf2 38.Ne8+ Kf7 39.Nd6+ Kf6 40.Re8 Rb6 41.Nc8 Re6 42.Rd8 Re2 43.Rd6+ Ke5
44.Rxa6 Kf4  0-1

[Event "41st TCh-GRE"]
[Site "Rio (Achaia) GRE"]
[Date "2013.07.04"]
[Round "1.4"]
[White "Poulopoulos,I"]
[Black "Nichlos,A"]
[Result "1-0"]
[WhiteElo "2066"]
[BlackElo "1694"]

1.e4 c5 2.Nf3 d6 3.Bb5+ Bd7 4.Bxd7+ Qxd7 5.c4 Nc6 6.Nc3 e5 7.Nd5 Nge7 8.d3 h6
9.a3 Nxd5 10.cxd5 Ne7 11.O-O g5 12.b4 b6 13.bxc5 bxc5 14.Rb1 f5 15.Qb3 fxe4
16.dxe4 Rc8 17.Nd2 Bg7 18.Nc4 O-O 19.Bd2 Ng6 20.Qb5 Rf7 21.Qxd7 Rxd7 22.Rb5 Rf8
23.Rfb1 Rff7 24.a4 Nf4 25.a5 Nd3 26.f3 Kh7 27.a6 Kg6 28.Rb7 Bf8 29.Rxd7 Rxd7
30.Rb7 Rf7 31.Kf1 g4 32.Ke2 gxf3+ 33.gxf3 Nf4+ 34.Bxf4 exf4 35.Na5 Bg7 36.Nc6 Bd4
37.Rxf7 Kxf7 38.Nxa7 c4 39.Nc6 Bc5 40.a7 Bxa7 41.Nxa7 Kf6 42.Nc6 Kg5 43.e5 dxe5
44.d6  1-0

[Event "41st TCh-GRE"]
[Site "Rio (Achaia) GRE"]
[Date "2013.07.04"]
[Round "4.10"]
[White "Krikoglou,Iordanis"]
[Black "Anthopoulos,Hristos"]
[Result "0-1"]
[WhiteElo "1301"]
[BlackElo "1725"]

1.e4 c5 2.Nf3 d6 3.Bb5+ Bd7 4.Bxd7+ Qxd7 5.c4 Nc6 6.Nc3 g6 7.d4 cxd4 8.Nxd4 Bg7
9.Be3 Nf6 10.f3 O-O 11.O-O Rac8 12.b3 Rfd8 13.Rc1 e6 14.Qd2 d5 15.cxd5 exd5
16.Nxc6 bxc6 17.exd5 cxd5 18.Ne2 a6 19.Nd4 Re8 20.Bf2 Nh5 21.Rfe1 Rxc1 22.Rxc1 Be5
23.Re1 Bf4 24.Rxe8+ Qxe8 25.Qe2 Qxe2 26.Nxe2 Be5 27.Bd4 Bxd4+ 28.Nxd4 Kf8
29.Kf2 Ke7 30.Ke3 Kd6 31.b4 Ng7 32.f4 h5 33.g3 Ne8 34.a4 Nf6 35.h3 Ne4 36.Ne2 f6
37.g4 h4 38.a5 g5 39.f5 Ke5 40.b5 Nc5 41.b6 Nb7 42.Nd4 Nxa5 43.Kd3 Nb7 44.Ne6 Kd6
45.Nc7 a5 46.Ne8+ Ke5 47.Nc7 a4 48.Nb5 Nc5+ 49.Ke3 Nb7 50.Na3 d4+ 51.Kd3 Kd5
52.Nb1 Nc5+ 53.Kd2 Kc6 54.Na3 Kxb6 55.Nc2 Nb3+ 56.Kd3 Kc5 57.Ne1 a3 58.Kc2 a2
59.Nd3+ Kb5  0-1

[Event "41st TCh-GRE"]
[Site "Rio (Achaia) GRE"]
[Date "2013.07.04"]
[Round "4.10"]
[White "Nikolaou,Alexandros"]
[Black "Nikolakis,Panagiotis Marios"]
[Result "0-1"]
[WhiteElo "1324"]
[BlackElo "1532"]

1.e4 c5 2.Nf3 d6 3.Bb5+ Bd7 4.Bxd7+ Qxd7 5.O-O Nc6 6.c3 Nf6 7.Re1 e6 8.d3 h6
9.Nbd2 Be7 10.Nf1 O-O 11.Ng3 Rfd8 12.d4 cxd4 13.cxd4 d5 14.e5 Ne4 15.Qe2 Nxg3
16.hxg3 Rac8 17.Bd2 Qc7 18.Rec1 Qb6 19.Be3 Nb4 20.b3 Na6 21.Rxc8 Rxc8 22.Rc1 Rxc1+
23.Bxc1 Qc6 24.Be3 Ba3 25.Ne1 Nb4 26.Nd3 Qb5 27.Nf4 Qxe2 28.Nxe2 Nxa2 29.Bd2 Bb4
30.Bxb4 Nxb4 31.f3 Nc2 32.Kf2 Kf8 33.f4 Ke7 34.Kf3 Kd7 35.g4 g6 36.f5 g5
37.f6 Kc6 38.Nc1 Kb5 39.Ke2 Nxd4+ 40.Kd3 Nc6 41.Ne2 Nxe5+  0-1

[Event "Polugaevsky Mem 2013"]
[Site "Samara RUS"]
[Date "2013.07.04"]
[Round "3.6"]
[White "Kozionov,Kirill"]
[Black "Gabrielian,A"]
[Result "1/2-1/2"]
[WhiteElo "2333"]
[BlackElo "2544"]

1.e4 c5 2.Nf3 d6 3.Bb5+ Nc6 4.Bxc6+ bxc6 5.O-O e5 6.c3 Nf6 7.Re1 Be7 8.d4 cxd4
9.cxd4 Nd7 10.Qc2 Bb7 11.Nbd2 O-O 12.Nc4 exd4 13.Nxd4 d5 14.exd5 cxd5 15.Nd2 Bf6
16.N2f3 Rc8 17.Qf5 Rc4 18.Be3 g6 19.Qd3 Nc5 20.Qa3 Na4 21.Bh6 Bxd4 22.Nxd4 Rxd4
23.b3 Rh4 24.Qxf8+ Qxf8 25.Bxf8 Kxf8 26.bxa4 Rxa4 27.Reb1 Ba6 28.a3 Re4 29.Rb4 Bc4
30.Rb2 a6 31.f3 Re3 32.Kf2 Rc3 33.Rd2 Kg7 34.Ke1 Re3+ 35.Kf2 Rc3 36.Ke1 Re3+
37.Kf2 Rc3  1/2-1/2

[Event "Polugaevsky Mem 2013"]
[Site "Samara RUS"]
[Date "2013.07.04"]
[Round "3.3"]
[White "Mokshanov,A"]
[Black "Fedorov,Alex"]
[Result "1/2-1/2"]
[WhiteElo "2421"]
[BlackElo "2578"]

1.e4 c5 2.Nf3 d6 3.Bb5+ Nd7 4.O-O a6 5.Bd3 Ngf6 6.Re1 e5 7.c3 Be7 8.Bc2 c4
9.b3 b5 10.a4 Bb7 11.b4 d5 12.exd5 Bxd5 13.Nxe5 Nxe5 14.Rxe5 O-O 15.d4 cxd3
16.Qxd3 Qd6 17.Bf4 Qc7 18.Na3 Rfd8 19.Rxd5 Qxf4 20.Rxd8+ Rxd8 21.Qg3 Qxg3
22.hxg3 bxa4 23.Nb1 Nd5 24.Rxa4 Rc8 25.Rxa6 Nxb4 26.Bf5 Nxa6 27.Bxc8 Nc5
28.Bf5 g6 29.Bc2 f5 30.Kf1 Bf6 31.Ke2 Kf8 32.Kd2 Bg5+ 33.Ke2 Bf6 34.Kd2 Bg5+
35.Ke2  1/2-1/2

[Event "ch-NED 2013"]
[Site "Amsterdam NED"]
[Date "2013.07.05"]
[Round "1.2"]
[White "Reinderman,D"]
[Black "Spoelman,W"]
[Result "0-1"]
[WhiteElo "2575"]
[BlackElo "2557"]

1.e4 c5 2.Nf3 d6 3.Bb5+ Nc6 4.Bxc6+ bxc6 5.O-O Bg4 6.h3 Bh5 7.e5 dxe5 8.g4 e4
9.gxh5 exf3 10.Nc3 Nf6 11.Qxf3 Nd5 12.Ne4 e6 13.d3 Be7 14.Re1 O-O 15.a3 Kh8
16.h6 gxh6 17.c4 Nf6 18.Bxh6 Rg8+ 19.Kh1 Rg6 20.Bf4 Qd4 21.Nc3 Rd8 22.Rad1 Kg8
23.Bg3 Bd6 24.Rd2 Bxg3 25.fxg3 Kh8 26.Re3 Rdg8 27.Ne2 Qd6 28.d4 e5 29.Rxe5 cxd4
30.Rf5 c5 31.b4 Qe6 32.Rd3 Ne4 33.g4 Ng5 34.Qg2 Nxh3 35.Qxh3 Qxe2 36.Rxf7 Qe4+
37.Qf3 Rh6+ 38.Kg2 Rxg4+ 39.Kf2 Rh2+ 40.Kf1 Rh1+ 41.Kf2 Qe1+  0-1

[Event "41st Annual World Open"]
[Site "Arlington USA"]
[Date "2013.07.05"]
[Round "5.25"]
[White "Kiewra,K"]
[Black "Jayakumar,A"]
[Result "1/2-1/2"]
[WhiteElo "2422"]
[BlackElo "2269"]

1.e4 c5 2.Nf3 d6 3.Bb5+ Nd7 4.c3 Nf6 5.Qe2 a6 6.Ba4 b5 7.Bc2 e5 8.O-O Be7
9.a4 Bb7 10.d4 O-O 11.Rd1 Qb6 12.axb5 axb5 13.Rxa8 Rxa8 14.Na3 Ba6 15.dxc5 dxc5
16.Be3 Qc6 17.Qe1 c4 18.Nb1 Bb7 19.Nbd2 Qc7 20.Ra1 Rd8 21.Nh4 g6 22.f3 Nc5
23.g4 Nd3 24.Bxd3 Rxd3 25.Nf1 Nd7 26.Ng2 Nc5 27.Qe2 Qd8 28.Ne1 Rd7 29.Nd2 Ne6
30.Ng2 Rd3 31.Nf1 Ng5 32.Ne1 Rd7 33.Nc2 Ne6 34.Qf2 Bh4 35.Qe2 f5 36.exf5 gxf5
37.h3 e4 38.f4 Qc7 39.Nd4 Nxd4 40.cxd4 Bf6 41.Rd1 fxg4 42.hxg4 Rg7 43.Ng3 Bc8
44.Nxe4 Rxg4+ 45.Kf1 Bh4 46.Qf3 b4 47.f5 h5 48.Nf2 Bxf2 49.Bxf2 c3 50.bxc3 Ba6+
51.Ke1 Qe7+ 52.Kd2 bxc3+ 53.Kc2 Bb7 54.Qxc3 Be4+  1/2-1/2

[Event "e2e4 Sunningdale July Open"]
[Site "Ascot ENG"]
[Date "2013.07.05"]
[Round "1"]
[White "Lentzos,Ioanis"]
[Black "Molofej,D"]
[Result "0-1"]
[WhiteElo "1745"]
[BlackElo "2061"]

1.e4 c5 2.Nf3 d6 3.Bb5+ Nd7 4.d4 a6 5.Bxd7+ Bxd7 6.O-O Qc7 7.c4 cxd4 8.Qxd4 e5
9.Qd3 b5 10.Na3 Qb7 11.b3 Nf6 12.Nd2 Be7 13.Nc2 Bc6 14.f3 O-O 15.Ba3 Rad8
16.Nb4 Qb6+ 17.Kh1 Bb7 18.Nd5 Nxd5 19.cxd5 Rc8 20.b4 Bg5 21.Nb3 Rc4 22.g3 Rfc8
23.f4 exf4 24.gxf4 Rc3 25.Qd2 Bf6 26.Rac1 R8c4 27.Rxc3 Bxc3 28.Qg2 Bxb4 29.Bb2 Bc3
30.Bxc3 Rxc3 31.Rg1 g6 32.f5 Qe3 33.f6 Bc8 34.Nd2 Rc2 35.Nf1 Qd3 36.Ng3 Rxg2
37.Rxg2 Qd1+  0-1

[Event "6th ch-Cent SRB Int 2013"]
[Site "Paracin SRB"]
[Date "2013.07.05"]
[Round "1.8"]
[White "Ulibin,M"]
[Black "Cvetanovic,U"]
[Result "1-0"]
[WhiteElo "2529"]
[BlackElo "2249"]

1.e4 c5 2.Nf3 d6 3.Bb5+ Bd7 4.Bxd7+ Qxd7 5.O-O Nc6 6.c3 Nf6 7.d4 Nxe4 8.d5 Ne5
9.Re1 Nf6 10.Nxe5 dxe5 11.c4 e6 12.Nc3 O-O-O 13.Bg5 h6 14.Bxf6 gxf6 15.Qf3 Be7
16.Rad1 Kb8 17.d6 Bxd6 18.Nb5 Qe7 19.Rxd6 Rxd6 20.Nxd6 Qxd6 21.Qxf6 Rd8 22.g3 Qd2
23.Re3 Qd4 24.Re4 Qd6 25.Qxf7 Rf8 26.Qh5 Rf5 27.Qe2 b6 28.Kg2 Kc7 29.Re3 h5
30.f3 Kc6 31.Rd3 Qf8 32.Qd1 Rf7 33.Qa4+ Kc7 34.Qxa7+ Kc6 35.Qa4+ Kc7 36.Rb3 Kb7
37.Rd3 Kc7 38.Qc2 h4 39.Ra3 Kb7 40.Qe4+ Kc7 41.Qxe5+ Kb7 42.Qe4+ Kc7 43.Qxe6  1-0

[Event "41st TCh-GRE"]
[Site "Rio (Achaia) GRE"]
[Date "2013.07.05"]
[Round "5.6"]
[White "Tsouba,Maria"]
[Black "Drakaki,A"]
[Result "0-1"]
[WhiteElo "1521"]
[BlackElo "1910"]

1.e4 c5 2.Nf3 d6 3.Bb5+ Nd7 4.d4 cxd4 5.Qxd4 a6 6.Bxd7+ Bxd7 7.O-O Rc8 8.c3 e5
9.Qd1 h6 10.Re1 Nf6 11.Nbd2 Be7 12.c4 O-O 13.b3 b5 14.Bb2 Qb6 15.Rc1 Be6
16.cxb5 axb5 17.Qe2 Nd7 18.Nf1 Ra8 19.Ba1 Ra3 20.Red1 Rfa8 21.Rc2 Bxb3 22.axb3 Rxa1
23.Rxa1 Rxa1 24.Rc8+ Kh7 25.Qb2 Qa7 26.Rc1 Ra2 27.Rc7 Qxc7 28.Qxa2 Nc5 29.Ng3 g6
30.b4 Ne6 31.h3 Kg7 32.Qa6 Qc1+ 33.Kh2 Qc4 34.Qa5 Bd8 35.Qa3 h5 36.h4 Qc2
37.Qe3 Qb2 38.Qe1 Bb6 39.Kg1 Nf4 40.Nh1 Nd3 41.Qf1 Qc1 42.Qxc1 Nxc1 43.Ne1 Na2
44.Nc2 Kf6 45.Kf1 Nc3 46.f3 Ke6 47.Nf2 f5 48.Na3 Bxf2 49.Kxf2 fxe4 50.fxe4 Nxe4+
51.Ke3 Nc3 52.Kd3 Nd5 53.Nxb5 Nxb4+ 54.Kc4 Nc2 55.Nc7+ Kf5 56.Ne8 Ne3+ 57.Kd3 Nxg2
58.Nxd6+ Kf4  0-1

[Event "41st TCh-GRE"]
[Site "Rio (Achaia) GRE"]
[Date "2013.07.05"]
[Round "5.1"]
[White "Harikrishna,P"]
[Black "Pavlidis,Ana"]
[Result "1-0"]
[WhiteElo "2680"]
[BlackElo "2362"]

1.e4 c5 2.Nf3 d6 3.Bb5+ Nc6 4.O-O Bd7 5.Re1 Nf6 6.c3 a6 7.Ba4 b5 8.Bc2 Bg4
9.d3 e6 10.Be3 Be7 11.Nbd2 d5 12.h3 dxe4 13.dxe4 Bh5 14.Bf4 O-O 15.Qb1 Bg6
16.e5 Nd5 17.Bg3 Bxc2 18.Qxc2 Qb6 19.Ne4 h6 20.Nh2 Rfc8 21.Qe2 Bf8 22.Qf3 Rc7
23.b3 c4 24.bxc4 bxc4 25.Ng4 Nce7 26.Nd6 Nc8 27.Ne3 Nxd6 28.Nxd5 exd5 29.exd6 Rc5
30.Be5 Qc6 31.Qg4 Rd8 32.Re3 d4 33.cxd4 Rb5 34.Rc1 Qd7 35.Qg3 Kh8 36.Rxc4 f6
37.Rc7 Qf5 38.Rf3 Qe6 39.Rxf6 gxf6 40.Qg6 Rb1+ 41.Kh2  1-0

[Event "47th Ilmar Raud Mem"]
[Site "Viljandi EST"]
[Date "2013.07.05"]
[Round "7.24"]
[White "Narva,M"]
[Black "Starcevs,Dmitrijs"]
[Result "0-1"]
[WhiteElo "1854"]
[BlackElo "2139"]

1.e4 c5 2.Nf3 d6 3.Bb5+ Bd7 4.Bxd7+ Qxd7 5.c4 Nf6 6.Nc3 e6 7.d4 cxd4 8.Nxd4 Be7
9.O-O O-O 10.Be3 Nc6 11.f4 Rac8 12.b3 a6 13.Rc1 Rfd8 14.Nf3 Qc7 15.Na4 Nd7
16.Qd2 b5 17.cxb5 axb5 18.Nc3 Qb7 19.Qe2 b4 20.Na4 Na7 21.Bf2 Nb5 22.Nd4 Nxd4
23.Bxd4 Nf6 24.Rce1 h6 25.Nb2 d5 26.exd5 Rxd5 27.Be5 Qa7+ 28.Kh1 Qxa2 29.Qf3 Qa7
30.Nc4 Rcd8 31.Rd1 Qc5 32.h3 Rxd1 33.Rxd1 Rxd1+ 34.Qxd1 Qd5 35.Qe2 Ne4 36.Kh2 Bh4
37.Bc7 Bg3+ 38.Kh1 Nf2+ 39.Kg1 Qd4 40.Kf1 Nd3 41.Qa2 Nxf4  0-1